| 000 | 01044nas a2200325 4500 | ||
|---|---|---|---|
| 001 | BR2019002072 | ||
| 003 | BR-BrBNA | ||
| 005 | 20231205132025.0 | ||
| 007 | ta | ||
| 008 | 230509b bl.|||p| |||| 00| 00por d | ||
| 040 |
_aBR-BrBNA _bpor _cBiblioteca Nacional de Agricultura |
||
| 041 | _a(En) | ||
| 072 | _aQ02; Q04 | ||
| 100 | 1 | _aReissig, G.N. | |
| 100 | 1 | _aVergara, L.P. | |
| 100 | 1 | _aFranzon, R.C. | |
| 100 | 1 | _aRodrigues, R. da S. | |
| 100 | 1 | _aChim, J.F. | |
| 245 | 1 | _aBioactive compounds in conventional and no added sugars red strawberry Guava (Psidium cattleianum Sabine)jellies | |
| 650 | _aARAÇÁ VERMELHO | ||
| 650 | _aPROCESSAMENTO | ||
| 650 | _aGELEIA | ||
| 650 | _aCOMPOSIÇÃO QUÍMICA | ||
| 650 | _aANTIOXIDANTE | ||
| 650 | _aCAROTENOIDE | ||
| 773 | 0 |
_tRevista Brasileira de Fruticultura (Brazil) _xISSN 1806-9967 _g(2016), v. 38(3) p. 1-7 _wBR2019002072 |
|
| 856 | 4 | 0 | _uhttp://www.scielo.br/pdf/rbf/v38n3/0100-2945-rbf-38-3-e-062.pdf |
| 909 |
_a202311 _bLúcia _c55 _dLúcia Elande |
||
| 942 |
_2AGRIS _n0 _cANA |
||
| 999 |
_c258024 _d258024 |
||